000 00839nam a2200253Ia 4500
003 OSt
005 20220923211151.0
006 a|||||r|||| 00| 0
007 ta
008 Pun
020 _a8187654147 (hbk)
_c340
024 _a280,605
037 _b801, 09/03/2014, H.K. Prakashan
_cTextual
040 _aARTS
_cARTS
_bPun
041 _2Pun
_aPun
082 _aO153,3:g, Q3
100 _aਰਾਈ, ਰਜਨੀ
_9159040
245 0 _aਸਮਕਾਲੀ ਪਰਵਾਸੀ ਪੰਜਾਬੀ ਕਹਾਣੀ ਦੇ ਸਰੋਕਾਰ
260 _aਦਿੱਲੀ
_b ਮਨਪ੍ਰੀਤ ਪ੍ਰਕਾFਨ
_c2013
300 _a142ਪੰ
_ccm.
650 _aਪੰਜਾਬੀ ਸਾਹਿਤ
942 _hO153,3:g, Q3
_cTEXL
_2CC
999 _c296250
_d296250